000 00384nam a2200169Ia 4500
001 18522
003 IN-NITTTR
005 20251114233215.0
008 251113s9999||||xx |||||||||||||| ||eng||
040 _beng
040 _cIN-NITTTR
041 _aeng
082 _a371.33 G76 R
100 _aOsborne, Peter
245 0 _aGraphics in training. /
_cOsborne, Peter
942 _2ddc
_cBK
999 _c21156
_d21156